| 000 | 01238cam a2200349 a 4500 | ||
|---|---|---|---|
| 999 |
_c57458 _d57458 |
||
| 001 | 4802407 | ||
| 005 | 20200624122625.0 | ||
| 008 | 880824s1989 njua b 001 0 eng | ||
| 010 | _a 88025562 | ||
| 020 | _a013216292X | ||
| 020 | _a9780132162920 | ||
| 040 |
_aDLC _cDLC _dDLC |
||
| 041 | _agel | ||
| 050 | 0 | 0 |
_aTK5102.5 _b.O2452 1989 |
| 080 | _a621.38 O-65 | ||
| 082 | 0 | 0 |
_a621.38/043 _219 |
| 100 | 1 |
_aOppenheim, Alan V., _d1937- _98494 |
|
| 245 | 1 | 0 |
_aDiscrete-time signal processing / _cAlan V. Oppenheim, Ronald W. Schafer. |
| 260 |
_aEnglewood Cliffs, N.J. : _bPrentice Hall, _cc1989. |
||
| 300 |
_axv, 879 p. : _bill. ; _c25 cm. |
||
| 440 | 0 |
_aPrentice-Hall signal processing series _98722 |
|
| 500 | _aIncludes index. | ||
| 504 | _aBibliography: p. 851-868. | ||
| 650 | 0 |
_aSignal processing _xMathematics. _98495 |
|
| 650 | 0 |
_aDiscrete-time systems. _98496 |
|
| 653 | _aდისკრეტული დროული სიგნალის დამუშავება | ||
| 653 | _aმათემატიკა | ||
| 653 | _aელექტროობა | ||
| 700 | 1 |
_aSchafer, Ronald W., _d1938- _eავტორი _98497 |
|
| 906 |
_a7 _bcbc _corignew _d1 _eocip _f19 _gy-gencatlg |
||
| 942 |
_2udc _cBK |
||